000 00784nam a2200217Ia 4500
001 15515
003 GE_BSU
008 181216s||||||||xx |||||||||||||| ||und||
040 _cGE_BSU
080 _a821.353.1-32
100 _aჩხიკვაძე,ვანო
245 _aწიგნში ჩამარხული ყვავილის სევდა
245 _bმოთხრობები
245 _cრედ.მ.კალანდარიშვილი. მხატვ.კ.ფაჩულია
260 _aთბილისი
260 _bნაკადული
260 _c1989
300 _a270გვ.ილ.21სმ.
653 _aწიგნში ჩამარხული ყვავილის სევდა
942 _cBK
999 _c48615
_d48615